书目信息 |
| 题名: |
山地生态农业工程技术
|
|
| 作者: | 张放 主编 | |
| 分册: | ||
| 出版信息: | 北京 化学工业出版社 2006 |
|
| 页数: | 134页 | |
| 开本: | 21cm | |
| 丛书名: | 生态工程技术丛书 | |
| 单 册: | ||
| 中图分类: | S-0 | |
| 科图分类: | ||
| 主题词: | 山地--生态农业--技术 , 山地 , 生态农业 | |
| 电子资源: | ||
| ISBN: | 7-5025-9116-8 | |
| 000 | 00913oam2 2200277 450 | |
| 001 | 012007730320 | |
| 005 | 20070517143054.48 | |
| 010 | @a7-5025-9116-8@dCNY15.00 | |
| 100 | @a20070516d2006 km y0chiy0120 ea | |
| 101 | 0 | @achi |
| 102 | @aCN@b110000 | |
| 105 | @ay z 000yy | |
| 106 | @ar | |
| 200 | 1 | @a山地生态农业工程技术@Ashan di sheng tai nong ye gong cheng ji shu@f张放主编@Fzhang fang zhu bian |
| 210 | @a北京@c化学工业出版社@d2006 | |
| 215 | @a134页@d21cm | |
| 225 | 2 | @a生态工程技术丛书 |
| 330 | @a本书分析了山地生态农业可持续发展的基本条件和发展战略,并结合具体的实例和实施方法,如山地农业复合模式、山地生态经济防护林、山地农产品的绿色加工与经营等来具体阐述。 | |
| 461 | 0 | @12001 @a生态工程技术丛书 |
| 606 | 0 | @a山地@x生态农业@x技术 |
| 606 | 0 | @a山地 |
| 606 | 0 | @a生态农业 |
| 690 | @aS-0@v4 | |
| 701 | 0 | @a张放@Azhang fang@4主编 |
| 801 | 0 | @aCN@bRULIN@c20070517 |
| 905 | @dS-0@e36@s8 | |
| 山地生态农业工程技术/张放主编.-北京:化学工业出版社,2006 |
| 134页;21cm.-(生态工程技术丛书) |
| ISBN 7-5025-9116-8:CNY15.00 |
| 本书分析了山地生态农业可持续发展的基本条件和发展战略,并结合具体的实例和实施方法,如山地农业复合模式、山地生态经济防护林、山地农产品的绿色加工与经营等来具体阐述。 |
| ● |
| 相关链接 |
|
|
|
|
正题名:山地生态农业工程技术
索取号:S-0/36
 
预约/预借
| 序号 | 登录号 | 条形码 | 馆藏地/架位号 | 状态 | 备注 |
| 1 | 0574763 | 205747637 | 第二样本阅览室/ [索取号:S-0/36] | 在馆 | |
| 2 | 0574764 | 205747646 | 教育系资料室/ [索取号:S-0/36] | 在馆 | |
| 3 | 0574765 | 205747655 | 教育系资料室/ [索取号:S-0/36] | 在馆 | |
| 4 | 0574766 | 205747654 | 第三借阅区/ [索取号:S-0/36] | 在馆 | |
| 5 | 0574767 | 205747673 | 第三借阅区/ [索取号:S-0/36] | 在馆 | |
| 6 | 0574768 | 205747682 | 第三借阅区/ [索取号:S-0/36] | 在馆 | |
| 7 | 0574769 | 205747691 | 教育系资料室/ [索取号:S-0/36] | 在馆 | |
| 8 | 0574770 | 205747708 | 第三借阅区/ [索取号:S-0/36] | 在馆 |